| 000 | 00547nam a22001937a 4500 | ||
|---|---|---|---|
| 003 | LK-CoMWRAF | ||
| 005 | 20260216123917.0 | ||
| 008 | 260216b |||||||| |||| 00| 0 eng d | ||
| 020 | _a9789556250626 | ||
| 040 |
_aLK-CoMWRAF _dLK-CoMWRAF _eLK-CoMWRAF |
||
| 041 | _aeng | ||
| 082 |
_a340.59 _bBOA |
||
| 245 | _aThe Board of quazis' law reports - with a digest (2011-2012) | ||
| 260 |
_aColombo : _bMuslim Women’s Research and action forum _c2012 |
||
| 490 | _aVolume-VI | ||
| 650 | _aQuazis-Law | ||
| 700 | _aBegam, Safana Gul | ||
| 942 | _cBK | ||
| 999 |
_c4971 _d4971 |
||